| 000 | 01082nac a22003257a 4500 | ||
|---|---|---|---|
| 001 | BR7908116 | ||
| 003 | BR-BrBNA | ||
| 005 | 20240105114546.0 | ||
| 008 | 230509b bl.|||m| |||| 00| 0 por d | ||
| 040 |
_aBR-BrBNA _bpor _cBiblioteca Nacional de Agricultura |
||
| 072 | _aE10; E70; E30 | ||
| 090 | _aE10 BR7908116 | ||
| 110 | 1 |
_aSuperintendencia do Desenvolvimento do Nordeste, Recife, PE (Brasil). Coordenacao de Planejamento Regional _910151 |
|
| 245 | 1 | _aDesempenho da economia regional do nordeste. 1. semestre de 1979 [Brasil] | |
| 260 | 3 |
_aRecife, PE (Brasil): _c1979. |
|
| 300 | _a90 p. | ||
| 490 |
_aDesempenho da Economia Regional do Nordeste (Brazil) _v _x |
||
| 500 | _a42 tables | ||
| 650 | _aESTATISTICA DE PRODUCAO | ||
| 650 | _aINDUSTRIA | ||
| 650 | _aENERGIA ELETRICA | ||
| 650 | _aCOMERCIO EXTERIOR | ||
| 650 | _aEXPORTACAO | ||
| 650 | _aPROJETO DE DESENVOLVIMENTO | ||
| 650 | _aPOLITICA GOVERNAMENTAL | ||
| 650 | _aANALISE ECONOMICA | ||
| 650 | _aREGIAO NORDESTE | ||
| 909 |
_a202312 _bLúcia Elande _c55 _dLúcia Elande |
||
| 942 |
_2AGRIS _n0 _cMS |
||
| 999 |
_c270027 _d270027 |
||